Sors de ma tête- Niro-Paroles - Statistiques

Statistiques générales
  • Ce quiz a été pris 242 fois
  • Le résultat moyen est 232 sur 355
Statistiques - réponses
Paroles % Correct
de
96%
te
95%
à
94%
ma
94%
me
91%
toi
90%
toi,
90%
Je
88%
pas
87%
pas,
87%
sors
87%
Sors
87%
pour
86%
dans
85%
le
85%
Tu
85%
tu
85%
Va
85%
mes
83%
ce
82%
que
82%
en
81%
tête,
81%
tête
81%
moi
80%
Moi
80%
parle
79%
rêves,
78%
falloir
77%
un
77%
éveillé
76%
Pense
76%
pourtant
76%
qu'on
76%
champagne
75%
j'suis
75%
temps
75%
les
74%
m'as
74%
m'en
74%
passe
74%
ne
73%
Ne
73%
Verre
73%
Ils
72%
ils
72%
se
72%
cru
71%
dis
71%
c'était
70%
juste
70%
si
69%
T'as
69%
et
68%
ton
68%
eu
67%
67%
la
67%
mon
67%
yeux
67%
yeux,
67%
Mais
66%
du
64%
mentent
64%
passe-temps
64%
t'ai
63%
mensonge
62%
monde
61%
On
61%
on
61%
pris
61%
T'es
61%
tes
61%
t'es
61%
qui
60%
conquérir
59%
eux
59%
j'ai
59%
autour
58%
Autour
58%
lever
57%
trop
57%
m'accompagnes
56%
pourrais
56%
sont
56%
t'ont
56%
C'est
55%
c'est
55%
j'dois
55%
J'dois
55%
parfaite
55%
des
54%
Donc,
54%
donc
54%
j'aurais
52%
notoriété,
52%
plus
52%
presque
52%
profité
51%
tout
51%
ai
50%
après
50%
J'en
50%
j'en
50%
dirait
49%
fait
49%
aura
48%
bébé
48%
cas
48%
contrôle
48%
contrôle,
48%
fais
48%
reprendre
48%
veines,
48%
vu
48%
Vu
48%
Calcules
47%
m'inquiète
47%
nous
47%
aucune
46%
couler
46%
rappelle
46%
sentis
46%
quitté
45%
taff,
45%
tard
45%
y'en
45%
avant
44%
d'autres
44%
gonfler
43%
J'te
43%
j'te
43%
mal
43%
autres
42%
fallait
42%
hommes
42%
avec
41%
Dieu
41%
garçons,
41%
permet,
40%
qu'tu
40%
vicieuse,
40%
ex
39%
m'attends
39%
noie
39%
valent
39%
veut
39%
feras
38%
s'il
38%
shour
37%
ferais
36%
j'me
36%
regardes
36%
sommes
36%
j'additionne
35%
l'air
35%
l'histoire,
35%
refaire
35%
rester
35%
est
34%
l'avenir
34%
courtois
33%
pécule
33%
coeur
32%
complexe
32%
j'vois
32%
difficile,
29%
retourner
29%
vas
29%
entre
28%
quand
28%
savoir
27%
tieks
27%
craie
25%
dessiné
25%
J'vais
25%
pardonne
25%
sinon
25%
Faut
24%
guerre
24%
loin,
24%
s'ment
20%
sortes
20%
Babe
17%
Prends-moi
17%
s'côtoie
17%
Aucun quiz correspondant
Distribution des résultats
% des personnes avec chaque résultat
Percentile par nombre de réponses
Votre historique - résultats
Vous n’avez pas pris ce quiz